000 00983nas a2200253Ia 4500
001 R706/H3187
003 IT-RoPAU
008 151124c99999999xx |||||||||||| ||und||
040 _aIT-RoPAU
040 _cIT-RoPAU
041 _aITALIANO
100 _aMarconi Luca
_gCodice Aut. SPICS: 13914
210 _aVERSUS
222 _aVersus
245 _aVERSUS, N.085/086/087 (GENNAIO/DICEMBRE 2000)
_bArrangiamenti Musicali E Trasposizioni Visive. Per Una Semiotica Della Traduzione Non-Verbale
250 _a1a ed.
260 _aMILANO
_bBOMPIANI
_c2000
501 _bPaulus - SPICS - Società San Paolo EM (non-commercial uses only)
_cCopyright2015
300 _a18 p. [217-234]
362 _aN.085/086/087 (GENNAIO/DICEMBRE 2000)
500 _aDall'Identità Assoluta Alla Completa Diversità. Stampa di Traduzione. Esecutore Traduttore. Esecuzione Autentica e Intentio Operis. Fedeltà, Scommesse e Scelte.
650 _aSEMIOTICA
_vPUBBLICAZIONE PERIODICA
942 _cCR
999 _c194290
_d194290